000 00679nam a2200229 a 4500
001 BRL_719
005 20190321142934.0
008 300913s1931----gw-#######---#000-0#eng-#
041 _aeng
044 _agw
050 4 _b.S43 1931
100 1 _aShaw, Bernard
_924739
245 1 0 _aMan and Superman
_ba comedy and a philosophy
_cby Bernard Shaw.
260 _aLeipzig
_bBernhard Tauchnitz
_c1931
300 _a326 p.
_c16 cm.
440 0 _aCollection of British and American Authors
_vvol. 4436
_924740
500 _aEstado físico : carece de cubierta frontal del libro
500 _aAu806
650 1 4 _aFilosofía
_xConducta social
_924741
902 _aGRL
942 _2lcc
_cB
999 _c9531
_d9531